Animals (Record no. 404528)

000 -LEADER
fixed length control field 00339cam a22001337a 4500
008 - FIXED-LENGTH DATA ELEMENTS--GENERAL INFORMATION
fixed length control field 180718b2004 xxu||||| |||| 00| 0 eng d
020 ## - INTERNATIONAL STANDARD BOOK NUMBER
International Standard Book Number 8179911799
082 ## - DEWEY DECIMAL CLASSIFICATION NUMBER
Classification number X98 Y7
245 ## - TITLE STATEMENT
Title Animals
Statement of responsibility, etc. by Discovery Communications
260 ## - PUBLICATION, DISTRIBUTION, ETC.
Place of publication, distribution, etc. New Delhi
Name of publisher, distributor, etc. Popular
Date of publication, distribution, etc. 2004
300 ## - PHYSICAL DESCRIPTION
Extent 124p.
440 ## - SERIES STATEMENT/ADDED ENTRY--TITLE
Title Young discoverer series
650 ## - SUBJECT ADDED ENTRY--TOPICAL TERM
Topical term or geographic name entry element Animals
Holdings
Withdrawn status Lost status Damaged status Not for loan Permanent Location Current Location Date acquired Full call number Barcode Date last seen Price effective from Koha item type
        Indian Institute of Public Administration Indian Institute of Public Administration 2005-08-30 X98 Y7 80362 2018-07-21 2018-07-21 Book

Powered by Koha